00437nam a2200169 a 450000100060000000300090000600800410001502000140005604000280007008200190009810000200011724500280013726000540016530000100021965000190022965000190024810824CO-ViMGA141112s2004 ck r 000 u spa d a959040040 aCO-ViMGAbspacCO-ViMGA04aCh 861.44 H17c1 aHarris, Tomás10aCrónicas Maravillosas aCuba : bEdiciones Casa de las Américas, c1996 a174p.14aNOCHE - POESIA14aPOESIA CHILENA